000 00618nam a2200181Ia 4500
003 OSt
005 20230113100407.0
008 191213s9999 xx 000 0 und d
020 _a9788491981756
040 _achap
100 1 _aAGUILAR YÁNEZ, Enrique; GONZÁLEZ ROMERO, Jaime
245 1 _aDETERMINACIÓN DEL ESTADO SANITARIO DE LAS PLANTAS, SUELO E INSTALACIONES Y ELECCIÓN DE LOS MÉTODOS DE CONTROL - AGAO0208
250 _a1
260 0 0 _a2018
650 0 0 _bAgronomía
856 0 0 _uhttps://uachapingo.bibliotecasdigitales.com/read/9788491981756/index
_yTexto completo
_zLibro Electrónico
942 _2ddc
999 _c218019
_d218019